The rozabal line / (Record no. 4035)

MARC details
000 -LEADER
fixed length control field 00373nam a2200169 4500
001 - CONTROL NUMBER
control field 4855
005 - DATE AND TIME OF LATEST TRANSACTION
control field 20181127174257.0
010 00 - LIBRARY OF CONGRESS CONTROL NUMBER
LC control number
020 00 - INTERNATIONAL STANDARD BOOK NUMBER
International Standard Book Number 9789381626825
090 00 - LOCALLY ASSIGNED LC-TYPE CALL NUMBER (OCLC); LOCAL CALL NUMBER (RLIN)
Classification number (OCLC) (R) ; Classification number, CALL (RLIN) (NR) FIC S2258r
100 00 - MAIN ENTRY--PERSONAL NAME
Personal name Sanghi, Ashwin.
245 00 - TITLE STATEMENT
Title The rozabal line /
Remainder of title
Statement of responsibility, etc. Ashwin Sanghi.
Medium
260 00 - PUBLICATION, DISTRIBUTION, ETC.
Place of publication, distribution, etc. Chennai,
Name of publisher, distributor, etc. W.
Date of publication, distribution, etc. 2008.
300 00 - PHYSICAL DESCRIPTION
Extent 361 p. ; 18 cm
500 00 - GENERAL NOTE
General note
650 00 - SUBJECT ADDED ENTRY--TOPICAL TERM
Topical term or geographic name entry element Fiction.
General subdivision
Holdings
Withdrawn status Lost status Source of classification or shelving scheme Damaged status Not for loan Collection code Home library Current library Shelving location Date acquired Serial Enumeration / chronology Inventory number Full call number Barcode Date last seen Price effective from Koha item type
    Dewey Decimal Classification     Fiction RTC Library RTC Library Fiction 24/09/2021 7673 FIC 813.54 SAN 30008069 03/01/2022 27/11/2018 Fiction
Royal Thimphu College || All Right Reserved